The Complete Company Policies Documents and Guidance
Uložené v:
| Hlavný autor: | |
|---|---|
| Médium: | Kniha |
| Jazyk: | English |
| Vydavateľské údaje: |
Abingdon
Routledge/Taylor & Francis Group
2024
|
| Vydanie: | 1st Edition |
| Predmet: | |
| Tagy: |
Žiadne tagy, Buďte prvý, kto otaguje tento záznam!
|
MARC
| LEADER | 00000nam a2200000 4500 | ||
|---|---|---|---|
| 001 | 0304963 | ||
| 005 | 20250109114419.7 | ||
| 020 | |a 978-1-032-19404-2 | ||
| 020 | |a 978-1-032-19401-1 | ||
| 041 | 0 | |a eng | |
| 044 | |a GB | ||
| 245 | 1 | 0 | |a The Complete Company Policies |b Documents and Guidance |c Ian Long |
| 250 | |a 1st Edition | ||
| 264 | 1 | |a Abingdon |b Routledge/Taylor & Francis Group |c 2024 | |
| 300 | |a 281 s. | ||
| 610 | 2 | 0 | |a politika podniková |
| 610 | 2 | 0 | |a stratégia podniková |
| 610 | 2 | 0 | |a riadenie podnikové |
| 610 | 2 | 0 | |a zodpovednosť podniku spoločenská |
| 610 | 2 | 0 | |a financie podnikové |
| 100 | 1 | |a Long, Ian | |